00290nam a22001097a 4500082001300000100001600013245004400029260004100073300002100114526003700135650000800172 a910bYUL aYule, henry aThr book of Ser marco polo the venetian aLondonbJohn murray albemarle c1875 axxi, 606 p;bill a0b0c0d910_000000000000000_YUL aMCE